000 00940nam a2200289 i 4500
003 CO-BoRNBP
005 20250116074015.0
007 ta
008 250116s2020 Uy a|||| |||| 00| 0 spa d
020 _a9789974904859
040 _aCO-BoRNBP
_bspa
_cCO-BoRNBP
_erda
041 _aspa
084 _aC CUE
245 1 0 _aPuedo solito
_bAnudados/
_cLatinbooks
250 _aPrimera edición
264 4 _aMontevideo, Uruguay,
_b©Latinbooks International S.A.
_c2020
300 _a10 páginas,
_bilustraciones a color, material de la tapa del libro: Vinil,
_calto 22 cm ancho 26 cm
336 _2rdacontent
_atexto
_btxt
337 _2rdamedia
_asin mediación
_bn
338 _2rdacarrier
_avolumen
_bnc
490 _aPuedo solito
_pAnudados
650 _2LEMB
_aLiteratura infantil
_92746
650 _2LEMB
_aCuento infantil
_916411
650 _2LEMB
_aatar los cordones
_957528
650 _2LEMB
_aInteractivo
_957517
942 _2ddc
_cBKINF
999 _c56748
_d56748